00955nam a22002657a 4500001001000000003000900010005001700019007000300036008003400039040005400073041001000127072001900137100002100156110010300177245015400280260003800434300001100472500007000483650001900553650001400572650001100586650002900597650003200626650003100658BR9703591BR-BrBNA20230928095653.0ta230509b bl.||||| |||| 00| 0 por d aBR-BrBNAbporcBiblioteca Nacional de Agricultura a(Por) aF30; F01b02301 aPerencin, M.A.F.1 aEscola Superior de Agricultura Luiz de Queiroz, Piracicaba, SP (Brasil)0Tese (Mestre em Ciencias)1 aEstudo fisiologico comparado do desenvolvimento e efeito do ethephon na qualidade tecnologica de quatro variedades de cana-de-acucar (Saccharum spp.)3 aPiracicaba, SP (Brasil): c1996.  a110 p. aSummaries (Eng, Por); Bibliography p. 92-98; 25 tables; 12 illus. aCana de Acucar aVariedade aEtefon aRegulador de Crescimento aCaracteristicas Agronomicas aComportamento de Variedade